| 000 | 00414nam a22001097a 4500 | ||
|---|---|---|---|
| 008 | 230607b xxu||||| |||| 00| 0 eng d | ||
| 082 |
_a342.02 _bCON |
||
| 245 | _aThe Preliminary Report of the Committee of Experts on Constitutional Review Issued on the Publication of the Harmonized Draft Constitution | ||
| 260 |
_aNairobi,Kenya _bCommittee of Experts on Constitutional Review _c2009 |
||
| 300 | _a75p | ||
| 942 |
_2ddc _cBK |
||
| 999 |
_c800 _d800 |
||